1227 1087 1373 1863 1188 1976 1128 1254 1005 1186 1350 1672 1033 1577 1866 1962 1439 1210 1706 1678 1689 1106 1280 1345 1230 1998 1027 1075 1179 1214 1042 1138 1224 1292 1421 1825 1623 1928 1291 1187 1805 1102 1856 1894 1832 1079 1283 1355 1566 1437 1617 1096 1192 1141 1297 1004 1515 1935 1285 1405 1936 1992 1703 1727 1994 1256 1425 1850 1377 1100 1321 1776 1211 1206 1538 1614 1097 1694 1952 1069 1584 1555 1678 1627 1395 1730 1831 1552 1215 1539 1370 1227 1759 1267 1341 1655 1661 1934 1614 BCNSPRNW ULIB Ver.6.0+V

เปลี่ยนเป็นภาษาไทย

Change to English
 แสดงรายละเอียดบรรณานุกรม
  กลับหน้าหลัก

Brief Record : Get Marc (ISO 2709) : E-mail record : QR code < ปิดหน้าต่าง
LEADER : 00000nam 2200000uu 4500
001    13399114612
003     ULIB
008    120424s2546||||th 000 0 tha d
020    ^a9743227083
090    ^aนว^bก253ร 2546
100 1  ^aJemima J
245 10 ^aรักของฉันพร่องมันเนย =^bJemima J. /^cของ Jane Green
246 31 ^aJemima J.
260    ^aกรุงเทพฯ :^bมติชน,^c2546
300    ^a421 หน้า ;^c22 ซม.
440  0 ^aชุดวรรณกรรมแปล
500    ^aSend to Single Search
650  4 ^aนวนิยาย
700 0  ^aมณฑารัตน์ ทรงเผ่า,^eผู้แปล
945    ^p240^l0^i17046
999 ^a ใช้งานได้ทุกระบบ
รายการนี้ยังไม่มีแท็ก
คุณยังไม่ได้ล็อกอิน คุณสามารถมีกิจกรรมร่วมกับเว็บไซต์ได้ แต่ต้องล็อกอินก่อน ::
  ล็อกอิน

รายการสื่อสารสนเทศ

ลำดับที่ ประเภท เลขเรียก/บาร์โค้ด สถานที่ สถานะ
1. นวนิยาย
นวนิยาย
นว ก253ร 2546  
  Barcode: 17046
ห้องสมุดวิทยาเขตสวรรค์ประชารักษ์
►นวนิยาย
บนชั้น
  ขอยืม

รายการใกล้เคียง
    หัวเรื่อง [นวนิยาย]

BibComment


ยังไม่เคยถูกคอมเมนท์

คอมเมนท์ทรัพยากรรายการนี้
  คอมเมนท์: รักของฉันพร่องมั..


 Copyright 2026. Bcnsprnw @Library